000
00303nam a22001337a 4500
003
SGT
020
_a
9781543345025
082
_a
612.015
_b
RAN
100
_a
RANDHAWA DR S.S
245
_a
A TEXTBOOK OF MEDICAL BIOCHEMISTRY
260
_a
INDIA
_b
PEE VEE PUB
_c
2023
300
_a
451
942
_2
ddc
_c
BK
999
_c
34446
_d
34446